Memòria d'activitats del Centre de Cultura Contemporània de Barcelona 2000-2001 = Memoria de actividades del Centro de Cultura Contemporánea de Barcelona 2000-2001 / textes: Raimon Fransoy i Neus Masferré Raimon Fransoy i Neus Masferré
Descripción Física:
145 p. : il. ; 28 cm
MARC
| LEADER | 00000nam a2200000Ia 4500 | ||
|---|---|---|---|
| 001 | 15094 | ||
| 008 | 160829s9999 xx 000 0 cat d | ||
| 080 | |a B-2-26 | ||
| 110 | 2 | |a Centre de Cultura Contemporània de Barcelona |9 52510 | |
| 245 | |a Memòria d'activitats del Centre de Cultura Contemporània de Barcelona 2000-2001 = Memoria de actividades del Centro de Cultura Contemporánea de Barcelona 2000-2001 / textes: |b Raimon Fransoy i Neus Masferré | ||
| 260 | |a Barcelona : |b el Centre, DL 2002 | ||
| 300 | |a 145 p. : |b il. ; |c 28 cm | ||
| 590 | |a Text en català, castellà i anglès. | ||
| 590 | |a Biennal. | ||
| 590 | |a Títol al llom de la coberta: CCCB 2000-2001 | ||
| 650 | |a Centre de Cultura Contemporània de Barcelona |x Memòries |9 20839 | ||
| 700 | |a Fransoy, Raimon |9 20840 | ||
| 700 | |a Masferré, Neus |9 20841 | ||
| 901 | |a Arxiu | ||
| 942 | |n 1 | ||
| 952 | |0 0 |1 0 |4 0 |6 B226 |7 1 |9 41708 |a Arxiu |b Arxiu |d 2016-12-01 |l 0 |o B-2-26 |p 15094 |r 2016-12-01 00:00:00 |w 2016-12-01 |y ARXIU | ||
| 999 | |c 43598 |d 43598 | ||